000 00670nam a2200241 n 4500
003 OSt
005 20220823125106.0
008 220823s1929 enk e 000 1 eng d
020 _qhardback
040 _aPPAK
_beng
_cPPAK
_erda
082 0 4 _223
_a813.52
090 0 0 _a813.52
_bHUG
_dKK
100 1 _aHughes, Rupert,
_d1872-1956.
_eauthor.
245 1 0 _aTHE CROOKED WHEEL /
_cby RUPERT HUGHES
264 1 _aLondon :
_bHURST & BLACKETT LTD.,
_c[1929]
300 _a288 pages ;
_c19 cm.
336 _2rdacontent
_atext
337 _2rdamedia
_aunmediated
338 _2rdacarrier
_avolume
650 1 0 _aEnglish fiction
650 2 0 _aAmerican fiction
942 _2ddc
_cB
999 _c188815
_d188815